La Cruz Roja en Barcelona
Descripción Física:
[30] p. ; 22 cm
MARC
| LEADER | 00000nam a2200000Ia 4500 | ||
|---|---|---|---|
| 001 | 22136 | ||
| 008 | 160829s9999 xx 000 0 cat d | ||
| 080 | |a RF-15-80 | ||
| 245 | |a La Cruz Roja en Barcelona | ||
| 260 | |a Barcelona : |b Tipografía La Artista, [1900?] | ||
| 300 | |a [30] p. ; |c 22 cm | ||
| 590 | |a Prové de 4210, exp. 3 | ||
| 650 | |a Creu Roja Espanyola |x Assignacions pressupostàries i despeses |9 47119 | ||
| 710 | 2 | |a Creu Roja Espanyola |9 55245 | |
| 856 | 4 | |u https://media.diba.cat/diba/fitxers/arxiu/fulletons/bib_22136_1900_baixa.pdf |y Accés lliure | |
| 856 | 4 | |u https://media.diba.cat/diba/fitxers/arxiu/fulletons/bib_22136_1900_baixa.pdf |y Accés lliure | |
| 901 | |a Arxiu | ||
| 942 | |n 1 |2 udc | ||
| 952 | |0 0 |1 0 |4 0 |6 RF1580 |7 1 |9 53676 |a Arxiu |b Arxiu |d 2016-12-01 |l 0 |o RF-15-80 |p 22136 |r 2016-12-01 00:00:00 |w 2016-12-01 |y ARXIU | ||
| 999 | |c 57542 |d 57542 | ||
| 900 | |a bib_22136_1900_baixa.pdf | ||